Estadísticas para Estados de EE. UU. o Países Europeos por Área

Haz click aquí para tomar la prueba!

Estadísticas generales

  • Esta prueba ha sido tomada 652 veces
  • La puntuación promedio es 17 de 21

Estadísticas de respuestas

km2 País o Estado % Correcto
498,980España
97%
551,695Francia
96%
348,672Alemania
95%
676,587Texas
95%
3,790,000Rusia
95%
403,466California
94%
294,140Italia
91%
311,888Polonia
90%
553,544Ucrania
90%
410,335Suecia
85%
241,930Reino Unido
83%
304,282Noruega
82%
303,815Finlandia
81%
1,477,953Alaska
80%
284,332Nevada
76%
314,161Nuevo México
76%
376,962Montana
73%
294,207Arizona
73%
268,431Colorado
70%
248,608Oregon
64%
251,470Wyoming
55%

Distribución de puntuación

Porcentaje por número respondido

Porcentaje de gente con cada puntuación

Historial de tus puntuaciones

No has tomado esta prueba